000 00600nam a2200229 i 4500
001 C2-0244836
003 PPAK
005 20180727210008.0
008 030126s1963 nyua|||| ||||| | eng d
040 _aPPAK
_beng
_cPPAK
_erda
082 0 4 _a574.5
_223
090 0 0 _a574.5
_bFAR
_dKSA
100 1 _aFarb, Peter,
_eauthor
245 1 0 _aEcology
264 1 _aNew York :
_bTime Life Books ,
_c1963
300 _a192 pages :
_bcolour illustrations ;
_c28 cm
336 _2rdacontent
_atext
337 _2rdamedia
_aunmediated
338 _2rdacarrier
_avolume
650 1 0 _aEcology
942 _ddc
_cB
999 _c59009
_d59009